| 000 | 01136nmc a2200409 a 4500 | ||
|---|---|---|---|
| 003 | AR-BaBNM | ||
| 005 | 20251128211739.0 | ||
| 008 | 106020s2005 ||||||||||||||000 | spa|| | ||
| 020 | _a84-8063-725-0 | ||
| 040 | _cAR-BaBNM | ||
| 245 | 1 | 0 |
_aApropiaciones escolares _busos y sentidos de la educación obligatoria en la adolescencia |
| 250 | _a1ª ed. | ||
| 260 |
_aBarcelona _bOctaedro _c2005 |
||
| 300 | 0 | _a214 p. | |
| 490 | 0 |
_aRecursos _vno. 51 |
|
| 504 | _aContiene referencias bibliográficas | ||
| 650 | 4 | _aADOLESCENTES | |
| 650 | 4 | _aPAPEL DE LA ESCUELA | |
| 650 | 4 | _aPAPEL DE LA FAMILIA | |
| 650 | 4 | _aSOCIOLOGIA DE LA EDUCACION | |
| 650 | 4 | _aGRUPOS ETNICOS | |
| 650 | 4 | _aCLASES SOCIALES | |
| 651 | 4 | _aEspaña | |
| 653 | 0 | _aEDUCACION SECUNDARIA | |
| 653 | 0 | _aNIVEL MEDIO | |
| 653 | 0 | _aGENERO | |
| 653 | 0 | _aEXPERIENCIAS EDUCATIVAS | |
| 653 | 0 | _aESPACIOS EDUCATIVOS | |
| 700 | 1 |
_aBonal, Xavier _edirector |
|
| 700 | 1 | _aAlegre, Miquel Angel | |
| 700 | 1 | _aGonzález, Isaac | |
| 700 | 1 | _aHerrera, Diego | |
| 700 | 1 | _aRovira, Marta | |
| 700 | 1 | _aSaurí, Enric | |
| 942 | _cBK | ||
| 998 | _cme-solo cat | ||
| 999 |
_c20937 _d20937 |
||